| 000 | 01268nam a2200121Ia 4500 | ||
|---|---|---|---|
| 008 | 220620s9999||||xx |||||||||||||| ||und|| | ||
| 245 | 0 |
_aShared Physical Custody _bInterdisciplinary Insights in Child Custody Arrangements |
|
| 546 | _aEnglish[eng] | ||
| 650 | _aDemography||Social Policy||Politics of the Welfare State||Social Work and Community Development||Comparative Social Policy||Child and Adolescent Psychiatry||Population and Demography||Child and Adolescence Psychology||Family Law||Children well-being||Consequences of divorce and separation||Parents-children relationships||Child support||Family Demography||Divorce rates||Union formation||Child living arrangements||Non-intact family setting||Co-parenthood||Child support and shared care||Open access||New family forms||Law on parental responsibilities||Father-Child relationship||Post-divorce families||Shared parenting after divorce||Legal frameworks of child support||Population & demography||Central / national / federal government policies||Social work||Psychiatry | ||
| 700 | _aBernardi, Laura||Mortelmans, Dimitri | ||
| 856 | _uhttps://library.oapen.org/bitstream/20.500.12657/50025/1/978-3-030-68479-2.pdf||https://library.oapen.org/bitstream/20.500.12657/50025/1/978-3-030-68479-2.pdf | ||
| 942 | _cEB | ||
| 999 |
_c30973 _d30973 |
||